Statistics for Born in Bridgeport/Connecticut

Click here to take the quiz!

General Stats

  • This quiz has been taken 10 times
  • The average score is 3 of 5

Answer Stats

HintAnswer% Correct
Singer, "Your Body Is a Wonderland" "Gravity" "Slow Dancing in a Burning Room"1977John Mayer
80%
Actor who voiced characters in 22 of Pixar films and is also known for his role as Cliff Clavin in "Cheers"1947John Ratzenberger
80%
Inventor of the Polaroid instant camera1909Edwin H. Land
40%
Actor, "The Story of G.I. Joe" "El Dorado" "The Night of the Hunter" 1917Robert Mitchum
40%
Soccer goalkeeper who plays for the Chicago Red Stars and the United States women's national team1988Alyssa Naeher
20%

Score Distribution

Percentile by Number Answered

Percent of People with Each Score

Your Score History

You have not taken this quiz